French public finances modeling long-term prospects and reform options
Saved in:
| Main Author: | |
|---|---|
| Other Authors: | |
| Format: | Book |
| Language: | English |
| Published: |
Washington
International Monetary Fund
1998
|
| Series: | IMF Working Paper
WP/98/12 |
| Subjects: | |
| Tags: |
No Tags, Be the first to tag this record!
|
MARC
| LEADER | 00000nam a2200000 4500 | ||
|---|---|---|---|
| 001 | c100859 | ||
| 005 | 20221221082439.6 | ||
| 041 | 0 | |a eng | |
| 044 | |a US | ||
| 245 | 1 | 0 | |a French public finances |b modeling long-term prospects and reform options |c Karl F. Habermeier and Fabrice Lenseigne |
| 264 | 1 | |a Washington |b International Monetary Fund |c 1998 | |
| 300 | |a 51 s. | ||
| 490 | 1 | |a IMF Working Paper |v WP/98/12 | |
| 830 | 0 | |a IMF Working Paper |v WP/98/12 | |
| 610 | 2 | 0 | |a financie štátne |
| 610 | 2 | 0 | |a financie verejné |
| 610 | 2 | 0 | |a plánovanie |
| 610 | 2 | 0 | |a rast hospodársky |
| 610 | 2 | 0 | |a zabezpečenie dôchodkové |
| 610 | 2 | 0 | |a zabezpečenie nemocenské |
| 610 | 2 | 0 | |a simulácia stochastická |
| 610 | 2 | 0 | |a populácia |
| 610 | 2 | 0 | |a Francúzsko |
| 610 | 2 | 0 | |a porovnanie medzinárodné |
| 100 | 1 | |a Habermeier, Karl F. | |
| 700 | 1 | |a Lenseigne, Fabrice | |